00949 2200289 4500001002100000005001700021008004100038020001800079035002400097040001200121082001000133090001500143245015000158250001100308260004500319300003100364500009400395500002500489500001100514650001200525700002600537700002800563700002000591850001200611990001800623990001800641YOGYA-0209000001050220090227022039.0 ind  a979-420-075-1 0010-020900000010502 aYOPDYOG a304.2 a304.2blin aLINGKUNGAN sistem alami dan pembangunan..cMaynard M. Nufschmidt ...[et.al.] ; diterjemahkan oleh Sukanto Reksohadiprojo ; editor, Sugeng Martopo aCet. 2 aYogyakartabGadjah Mada Universityc1992 axxiv, 483 hlmbilusc21 cm aJudul asli : Environmental, natural systems, and development, an economic valuation guide aTermasuk bibliografi aIndeks aEkonomi aHufschmidt, Maynard M aReksohadiprojo, Sukanto aMartopo, Sugeng aYOPDYOG a51412-P/94b1 a51413-P/94b2